|
|
|
|
| LEADER |
00664nab a2200169 i 4500 |
| 001 |
misc24721 |
| 005 |
20191108150452.0 |
| 008 |
171010s1902 hu o 0|| zxx d |
| 040 |
|
|
|a SZTE Miscellanea Repozitórium
|b hun
|
| 041 |
|
|
|a zxx
|
| 100 |
1 |
|
|a Domanovszky Sándor
|
| 245 |
1 |
2 |
|a A budai krónika
|h [elektronikus dokumentum] :
|b forrástanulmány /
|c Domanovszky Sándor
|
| 260 |
|
|
|c 1902
|
| 300 |
|
|
|a 1-63
|
| 490 |
0 |
|
|a Kolligátum
|
| 695 |
|
|
|a Magyarország története - 10-14. sz. - forrástanulmány, Történetírás - magyar - középkor, Krónikaírás - magyar - tanulmányok
|
| 856 |
4 |
0 |
|u http://misc.bibl.u-szeged.hu/24721/1/012_001_001-063.pdf
|z Dokumentum-elérés
|